01098nam a2200217 a 450000100100000000500170001000800410002704000250006808200150009311101180010824501520022626000470037830000200042550400250044570000320047004900090050295201190051195201140063095201190074499900170086300002984020200930055840.0110426s2000 dr 000 0 spa d aDO-SdBNPbspacBNPHU axxxbC748s2 aSeminario internacional sobre lavado de dinero y narcotraficon(2. :d1999 oct. 29-30-31 :cSanto Domingo)95659410aConferencia sobre la incidencias de las sociedades en el lavado de dinero en las transacciones en la República Dominicana /cRafael Wilamo Ortiz. aSanto Domingo :bLa Filantrópica,c2000. a22 p. ;c22 cm. aBibliografía p. 221 aWilamo Ortiz, Rafael956595 aBNPD 0010718DSaGRbGRcCTd2011-05-04iLF1l0oxxx C748sp29840-30r2020-06-25te. 3w2020-06-25yLFDSZNo se presta 00107-18PDaPDbPDcOId2011-04-26iLF1l0oxxx C748sp29840-10r2020-06-25w2020-06-25yLFPDZNo se presta 0010718PDaPDbPDcCTd2011-05-04iLF1l0oxxx C748sp29840-20r2020-06-25te. 2w2020-06-25yLFPDZNo se presta c29332d29332